000 00405nam a2200157 i 4500
001 34920
003 ES-MaACL
005 20230906155023.0
007 t|
008 030211s1961 sp ||||1| spa d
100 1 _aBono, Elena.
_930288
245 1 0 _aMuerte de Adán /
_cpor Elena Bono.
260 _aBarcelona :
_bVergara,
_c[1961]
300 _a287 p. ;
_c24 cm.
852 _aES-MaACL
_jC-21004
_bR.49471
999 _c34920
_d34920